| 000 | 01151cam a2200229 4500 | ||
|---|---|---|---|
| 001 | J126019 | ||
| 008 | 040427n2004 000 0 eng u | ||
| 035 | _a(Sirsi) u126019 | ||
| 041 | _aeng | ||
| 050 |
_a658.022 _c18 |
||
| 110 |
_aOpinion Leader Research _94625 |
||
| 245 | _aEvaluation of government employment regulations and their impact on small business | ||
| 260 |
_aLondon _bSBC _c2004 |
||
| 520 | _aThis research report examines the opinions of small businesses towards employment regulations. Key messages from the research are: employment legislation makes no positive difference to small businesses; employment legislation may have a negative impact on small businesses; and small businesses have a low awareness of employment regulations and see complying with them a low priority. View at www.sbs.gov.uk. | ||
| 650 | _aSMES | ||
| 650 | _aEMPLOYMENT LEGISLATION | ||
| 650 | _aSMALL BUSINESSES | ||
| 690 | _aMANAGEMENT-BUSINESS MANAGEMENT | ||
| 710 |
_aSmall Business Council _94626 |
||
| 856 |
_uhttps://www.sbs.gov.uk/content/sbc/rigreport.pdf _zView the report (pdf 147kb) on the Small Business Service website |
||
| 942 | _n0 | ||
| 999 |
_c103549 _d103549 |
||